| 000 | 00350nam a2200145Ia 4500 | ||
|---|---|---|---|
| 999 |
_c13976 _d13976 |
||
| 003 | OSt | ||
| 005 | 20260303150340.0 | ||
| 008 | 260210s9999 xx 000 0 und d | ||
| 020 | _a9781641161466 | ||
| 082 | _a333.91 | ||
| 100 | _aWright | ||
| 245 | 0 | _aWater Management: Planning and Implementation | |
| 260 | _bCallisto Reference | ||
| 942 |
_cRD _2ddc |
||